| 000 | 00766nam a2200205 i 4500 | ||
|---|---|---|---|
| 001 | 24456 | ||
| 003 | ES-MaACL | ||
| 005 | 20250908233045.0 | ||
| 007 | t| | ||
| 008 | 021217s1982 sp ||||1| spa d | ||
| 100 | 1 |
_aAndrés Sáenz de Santa María, Paz. _9125669 |
|
| 245 | 1 | 3 |
_aEl arbitraje internacional en la práctica convencional española _b: (1794-1978) / _cM. Paz Andrés Sènz de Santamaría ; prólogo de Julio D. González Campos. |
| 260 |
_aOviedo : _bUniversidad, _c1982. |
||
| 300 |
_aXVI, 365 p. ; _c24 cm. |
||
| 650 | 0 | 4 |
_aArbitraje internacional. _99934 |
| 651 | 4 |
_aEspaña- _xPolítica exterior- _xHistoria. _98427 |
|
| 700 | 1 |
_aGonzález Campos, Julio D., _d1932-2007 _958489 |
|
| 852 |
_aES-MaACL _jL-1916 _bR.103016 |
||
| 999 |
_c24456 _d24456 |
||